000 00665nam a22001937a 4500
005 20180702120902.0
010 _aENG-123343
020 _c345.00
_a9789389965339
035 _aEN-106875
037 _bDBAD/PUB
082 _a305.48697
100 _aAlwani, Zainab
245 _aMuslim women and global challenges:
_cby Zainab Alwani
_bseeking change through a quranic textual approach and the prophetic model /
260 _aNew Delhi
_bInstitute of objective studies
_c2012
270 _aB-35(LGF), Nizamuddin West,
_bNew Delhi
_e110013
300 _a157p.
_c22cm(Hb)
500 _aIt includes references
942 _2ddc
_cEN
_mALW
_h305.48697
999 _c153185
_d153185